000 00769nam a22002415i 4500
001 12158
003 ES-MaACL
005 20230906150243.0
007 t|
008 951005s1995 sp ||||0| spa j
020 _a84-606-2413-7
040 _aM-BN
_bspa
_cM-BN
080 _a929.6(460.183 Cervera)
100 0 _aAbad y Ruiz, José Luis,
_917944
245 1 0 _aArmorial de Cervera de Pisuerga
_b: inventario de blasones /
_cJosé Luis Abad Ruiz.
260 _aCervera de Pisuerga :
_bCentro de Iniciativas Turísticas,
_cD.L. 1995.
300 _a159 p :
_bil ;
_c22 cm.
500 _aIndice.
504 _aBibliografía: p. 153-157.
650 1 4 _aHeráldica-
_zCervera de Pisuerga.
_913315
852 _aES-MaACL
_jL-19478
_bR.125836
999 _c12158
_d12158